| 000 | 00787nam a22002057a 4500 | ||
|---|---|---|---|
| 999 |
_c8450 _d8450 |
||
| 003 | AR-CdUCM | ||
| 008 | 190325b ||||| |||| 00| 0 spa d | ||
| 040 |
_aMUNICIPALIDAD PROVINCIAL DEL CUSCO _cBIBLIOTECA MUNICIPAL DEL CUSCO |
||
| 082 |
_a071.3 / _bS42 |
||
| 110 |
_aServicio cultural e informativo de los Estados Unidos de América en el Uruguay _923715 |
||
| 245 | _aEl periodismo en los Estado Unidos / | ||
| 260 | _aMontevideo : | ||
| 300 |
_a40 páginas ; _bIlustraciones, _c25 cm. |
||
| 505 | _aOrígenes y desarrollo --Factores de expansión -- Libertad de prensa -- Independencia económica -- Funciones de la prensa ... | ||
| 650 |
_aPeriódicos estadounidenses _923716 |
||
| 650 |
_aPeriodismo _91929 |
||
| 650 |
_aHistoria _9136 |
||
| 942 |
_2ddc _cLIBROS |
||
| 945 | _aacv | ||